Sklízecí mlátička E-512 /

Další autoři: Bernhard, Karel, 1927-1976
Jazyk: Čeština
Vydáno: Praha : Státní zemědělské nakladatelství, 1974
Vydání: 2. vyd.
Fyzický popis: 207 s.
Knihy
Uloženo v:
LEADER 00840nam a22002412a 4500
001 000353604
003 CZ BrMZK
005 20130208135102.0
007 ta
008 980103s1974 xr f cze d
015 |a cnb000265425 
035 |a (OCoLC)42089575 
040 |a BOA001  |b cze 
080 |a 631.354.2  |2 MRF 
245 0 0 |a Sklízecí mlátička E-512 /  |c Karel Bernhard a kolektiv 
250 |a 2. vyd. 
260 |a Praha :  |b Státní zemědělské nakladatelství,  |c 1974 
300 |a 207 s. 
700 1 |a Bernhard, Karel,  |d 1927-1976  |7 jk01011908  |4 aut 
910 |a BOA001  |b TK-0204.386  |b 2-0695.096-74 
990 |a BK 
996 6 |b 2619610072  |c 2-0695.096-74  |l Sklad H1  |r Sklad / do 24 hodin  |n 3  |h HS212  |w 000353604  |u 000020  |a 1  |e BOA001  |j MZK50  |s P 
996 7 |b 2629977123  |c TK-0204.386  |l MZK  |r Sklad / do 24 hodin  |n 9  |w 000353604  |u 000010  |a 1  |e BOA001  |j MZK50  |s A